LDR 01087naa#a2200169#i#450# 001 RU\\bibl\121682 005 20260606185812.6 011 ## _a2500-1795 100 ## _a20260525b2026####ek#y0rusy0150####ca 102 ## _aRU 200 1# _aВИЗУАЛЬНЫЙ ПРИНЦИП КАК ДЕЙСТВИЕ В НОВЕЙШЕЙ РУССКОЙ ПРОЗЕ: СЕРГЕЙ ШАРГУНОВ _eЖурнальная статья 210 1# _aНижневартовск _cФедеральное государственное бюджетное образовательное учреждение высшего образования Нижневартовский государственный университет _d2026 215 ## _a8 с. 608 ## _aЖурнальная статья _2local 675 ## _aЯзыкознание. Филология. Художественная литература. Литературоведение. 8 _aХудожественная литература. Литературоведение. 82 _z 700 #1 _aБезруков _gАндрей Николаевич 856 4# _avestnik.nvsu.ru _u